Réponses avec un double N (Aléatoire) - Statistiques

Statistiques générales
  • Ce quiz a été pris 50 fois
  • Le résultat moyen est 12 sur 20
Statistiques - réponses
Définition Réponse % Correct
Son chiffre change la nuit du 31 décembre au 1er Janvier Année
100%
Ville connue pour son jambon dans le sud-ouest Bayonne
100%
Elle sert de troisième jambe pour une personne agée Canne
100%
Ville française connue pour son énorme festival Cannes
100%
Dans un tableau il y a des lignes mais aussi des... Colonne
100%
Michel Sardou chante les lacs du.... Connemara
100%
L'alphabet en compte 20 Consonne
100%
Livre comprenant autant de mots que de définitions Dictionnaire
100%
Il peut être juré, ou public numéro 1 Ennemi
100%
Elle produit de l'électricité grâce au vent Éolienne
100%
Combattante française brulée vive en 1431 Jeanne d'Arc
100%
Chanteur britannique fondateur des Beatles John Lennon
100%
Knoxville, Depp, Hallyday Johnny
100%
Président américain assassiné à Dallas en 1963 Kennedy
100%
Capitale du Portugal Lisbonne
100%
Objet indispensable du ventriloque Marionnette
100%
Amoureuse de Mickey Mouse Minnie
100%
On l'obtient a partir d'un 10 sur 20 Moyenne
100%
Chanteuse bretonne nommé Leroy Nolwenn
100%
Ils tirent le traineau du père Noël, chef-lieu du 35 Rennes
100%
Cette grande ville a comme gentilé, les stéphanois Saint Etienne
100%
1000 kilos en vaut une Tonne
100%
Bruit assourdissant qui survient pendant un orage Tonnerre
100%
Cet ourson jaune visible en dessin animé fêtera ses 100 ans en Octobre 2026 Winnie
100%
Sur le logo olympien, ils sont au nombre de 5 pour les 5 continents Anneaux
93%
Lors d'une fête foraine, on y monte à l'intérieur pour foncer dans les autres Auto-tamponneuse
90%
Une habitante du Pérou Péruvienne
90%
Bois de 1 800 m² a l'est de Paris Vincennes
89%
Chasseur ou pêcheur illégal Braconnier
88%
Piment, Porsche ou Préfecture Cayenne
88%
Jour de fête ayant un lien avec la naissance Anniversaire
86%
Synonyme d'actrice Comédienne
86%
Familièrement, c'est la femme de ménage, celle qui fait tout Bonne
83%
Personne consommant partiellement, un individu de sa propre espèce Cannibale
83%
Ville française connue pour sa cité médiévale Carcassonne
83%
Dans ce livre figure une multitude de records du monde Guinness
83%
Qui n'a pas commis l'acte délictueux ou condamnable dont on le soupçonne Innocent
83%
Autre verbe d'action consistant à flasher un QR Code Scanner
83%
Fait de laisser quelqu'un seul Abandonner
80%
Département 91 Essonne
80%
Autre nom du renard des sables que l'on trouve dans les désert d'Afrique du Nord Fennec
80%
Sous-préfecture et station balnéaire du département de l'Aude Narbonne
78%
Pilote brésilien triple champion du monde de F1 Ayrton Senna
75%
Ce textile protège le crâne du froid l'hiver Bonnet
75%
Épice obtenue à partir de l'écorce intérieure séchée de plusieurs espèces d'arbresdu genre Cinnamomum Cannelle
75%
Pomme verte de la variété _ _ _ _ _ _ Smith Granny
75%
Facultatif, pas obligatoire Optionnel
75%
Bruit du téléphone quand quelqu'un nous appelle Sonnerie
75%
Interdire l'accès a tel ou tel lieu Bannir
71%
Lieu fermé où le prêtre entend le fidèle Confessionnal
71%
Fleuve rejoignant l'estuaire de Gironde Garonne
71%
Cet état américain à une superficie de 225 171 km² Minnesota
71%
La Belgique à 3 régions, la flamande, Bruxelles-Capitale et la région ... Wallonne
71%
Département du 08 Ardennes
67%
Lapin gris anthropomorphe assez farceur avec sa carotte Bugs Bunny
67%
Capitale de l'Estonie Tallinn
67%
Mer située entre la Grèce et la Sicile Ionienne
64%
Ville suisse, capitale du canton de Vaud Lausanne
64%
Qui est de nationalité anglaise Britannique
63%
Faire entendre un bruit rappelant le cri du cheval Hénnir
63%
Vétusté dans une entreprise Ancienneté
60%
Une période de 10 ans Décennie
60%
Plus grande ville d'Afrique du Sud Johannesbourg
60%
Qui à un compte bancaire avec au moins sept fois le chiffre 0 Millionnaire
60%
Quand on avance plus, l'essence est sur 0 Panne
60%
Please don't stop the music, Diamonds Rihanna
58%
Affluent du Danube formant la frontière nord-ouest de l'Autriche Inn
57%
Du beurre et du sucre composent cette gourmandise bretonne Kouign-Amann
57%
Ce département des Pays de la Loire à une sous-préfecture du même nom Mayenne
57%
Préfecture et synonyme de blagues Vannes
57%
Boucle accrochée à l'extrémité supérieure du bâton de skidans laquelle on y met la main pour tenir le bâton Dragonne
50%
Préfecture de l'Essonne Evry Courcouronnes
50%
Se dit d'une relation avec d'autres personnes qui ne peuvent se passer l'une de l'autre Fusionnel
50%
Ville ayant accueillie les JO d'hiver de 1964 et 1976 Innsbruck
50%
Impression de vide, de lassitude Ennui
44%
Agente secrète qui observe sans qu'on l'a voit Espionne
44%
Double champion du monde français en Moto2 se nommant Zarco Johann
44%
Troisième ville de L'Ohio après Columbus et Cleveland Cincinnati
43%
Femme jouissant, dans l'État dont il relève, des droits civils et politiques,et notamment du droit de vote Citoyenne
43%
On évoque se prénom féminin lorsqu'on met 13 à 0 à la pétanque Fanny
43%
Attitude des gens qui ne veulent pas voter Abstentionnisme
40%
Qui est entre deux choses, commun à l'un et à l'autre Mitoyenne
40%
Directrice, Cheffe Patronne
40%
Capitale de l'état canadien du Manitoba Winnipeg
40%
Préfecture du 74 Annecy
38%
État américain en dessous du Massachussetts Connecticut
38%
Tailler les légumes, en minces lanières de 4 à 5 cm sur 1 mm d'épaisseur. Julienne
38%
Cet état américain est connu pour la country ainsi que Graceland Tennessee
38%
Dispositif radioélectrique permettant de convertir des signaux électriques propagésà l'aide de conducteurs électriques en onde radio se propageant en espace libre Antenne
33%
Sous préfecture des Alpes de Haute Provence Barcelonnette
33%
Caisson qui reçoit des matières à transporter ou déposer Benne
33%
Personne avec qui on a déjà parlé Connaissance
33%
Les feuilles de cet arbre sont principalement utilisées comme colorant ou tatouage Henné
33%
Femme de Tiger Woods multiple championne de ski alpin Lindsey Vonn
33%
Belle, Jolie, Ravissante Mignonne
33%
Philadelphie et Pittsburg sont deux grandes villes de cet état américain Pennsylvanie
33%
1€ pour 2kg, 4€ pour 8kg ou 50 centimes pour 1kg, c'est Proportionnel
33%
Individualité psychologique de la personne telle qu'elle se manifestedans ses comportements Personnalité
30%
Guy Roux a entraîné dans ce département pendant 44 ans Yonne
30%
Autre nom de la langue Suomi Finnois
29%
Ville, département et capitale Vienne
29%
On utilise une box pour prendre son réseau Connexion
25%
Nom des habitants de la préfecture de Saône et Loire Maconnais
22%
Fleuve le plus important de l'Irlande Shannon
22%
Considération accordée au mérite reconnu Honneur
20%
Qui ne dépend que du patrimoine génétique Inné
20%
Département 47 Lot et Garonne
20%
Sous préfecture du département de la Loire Roanne
20%
Ville ardéchoise, qui à vu l'invention de la montgolfière Annonay
17%
Recherche constante d'amélioration de l'existant Innovation
17%
Avoir un grand intérêt pour quelque chose Passionné
17%
Grosse étendue de terre en bas de la Grèce près du Golfe de Corinthe Péloponnèse
17%
Entente secrète, accord tactile Connivence
0%
Ensemble des éléments qui entourent un individu Environnement
0%
John Beyoga joue son rôle dans la troisième trilogie Star Wars Finn
0%
Série du genre Thriller créée par Thomas Harris Hannibal
0%
Chanteuse surnommé The Material Girl Madonna
0%
Ce clown maléfique est une forme archétypale, mélange de Bozo le clown, de John Wayne Gacy et de Ronald McDonald Pennywise
0%
Qui dure six ans Sexennal
0%
Sous-préfecture du Haut-Rhin Thann
0%
Aucun quiz correspondant
Distribution des résultats
% des personnes avec chaque résultat
Percentile par nombre de réponses
Votre historique - résultats
Vous n’avez pas pris ce quiz